Inspections and reports on dwellings assessing age
Guardat en:
| Autor principal: | |
|---|---|
| Format: | Llibre |
| Idioma: | anglès |
| Publicat: |
Routledge
2013
|
| Etiquetes: |
Afegir etiqueta
Sense etiquetes, Sigues el primer a etiquetar aquest registre!
|
MARC
| LEADER | 00000nam a22000007a 4500 | ||
|---|---|---|---|
| 008 | 210427b ||||| |||| 00| 0 eng d | ||
| 020 | |a 978-0-08-097132-2 | ||
| 100 | |a SANTO, Philip | ||
| 245 | |a Inspections and reports on dwellings |b assessing age |c Philip Santo |g x, 274p; ill | ||
| 250 | |b 2nd ed. | ||
| 260 | |b Routledge |c 2013 |h New York |i 691576 |i 691577 |l TH439 .Sa5 SA |m Dwellings – Inspection |m Weathering of buildings | ||
| 500 | |a “It includes bibliographical references and index” | ||
| 942 | |a lcc |c BK |e Adekanye, I. H. |f 27/04/2021 | ||
| 952 | |0 0 |1 0 |2 lcc |4 0 |6 TH0439 S A5 |7 0 |9 2368 |a HOL |b EDM |c QZ |d 2021-04-27 |l 0 |o TH439 .Sa5 |p 2021-6220 |r 2021-04-27 00:00:00 |w 2021-04-27 |y BK | ||
| 952 | |0 0 |1 0 |2 lcc |4 0 |6 TH0439 S A5 |7 0 |9 2369 |a HOL |b HOL |c QZ |d 2021-04-27 |l 0 |o TH439 .Sa5 |p 2021-6221 |r 2021-04-27 00:00:00 |w 2021-04-27 |y BK | ||
| 999 | |c 1222 |d 1222 | ||